[Event "16. Copenhagen Open"]
[Site "Copenhagen"]
[Date "1994.??.??"]
[Round "1"]
[White "Andersen, Ole Bo"]
[Black "Arkell, Keith"]
[Result "0-1"]
[WhiteElo "2225"]
[BlackElo "2500"]
[PlyCount "100"]
[EventDate "1994.??.??"]
[EventType "swiss"]
[EventRounds "10"]
[EventCountry "DEN"]
[SourceDate "2004.01.01"]

1. d4 Nf6 2. c4 e6 3. Nc3 Bb4 4. Qc2 c5 5. dxc5 Na6 6. a3 Qa5 7. Bd2 Nxc5 8. e4
Bxc3 9. Bxc3 Qa4 10. Qxa4 Nxa4 11. e5 Nxc3 12. exf6 Ne4 13. fxg7 Rg8 14. Bd3
Nf6 15. Ne2 Rxg7 16. O-O b6 17. Rfe1 Bb7 18. Ng3 h5 19. Ne4 Ke7 20. Ng3 Kd8 21.
f3 h4 22. Ne4 Nh5 23. Kf2 Kc7 24. c5 Rag8 25. Bf1 f5 26. cxb6+ axb6 27. Rac1+
Kb8 28. Nd6 Nf4 29. Rc4 Rxg2+ 30. Bxg2 Rxg2+ 31. Ke3 Nd5+ 32. Kd4 Rxb2 33. Rg1
Bc6 34. Rg8+ Kc7 35. Ne8+ Kb7 36. Nd6+ Ka7 37. Nc8+ Ka6 38. Nd6 Rd2+ 39. Ke5
Re2+ 40. Kd4 b5 41. Rc1 Kb6 42. Rb1 e5+ 43. Kd3 Nf4+ 44. Kc3 Re3+ 45. Kc2 Rxf3
46. a4 Kc5 47. axb5 Rf2+ 48. Kc3 Bd5 49. b6 Kxd6 50. Rd1 Kc6 0-1

[Event "16. Copenhagen Open"]
[Site "Copenhagen"]
[Date "1994.??.??"]
[Round "1"]
[White "Antreasyan, Erol"]
[Black "Pedersen, Bjarne"]
[Result "0-1"]
[WhiteElo "1900"]
[BlackElo "2250"]
[PlyCount "64"]
[EventDate "1994.??.??"]
[EventType "swiss"]
[EventRounds "10"]
[EventCountry "DEN"]
[SourceDate "2004.01.01"]

1. d4 g6 2. c4 Bg7 3. e4 d6 4. Be2 Nd7 5. Nc3 e5 6. d5 a5 7. Bf3 Nc5 8. Nge2
Nh6 9. Ng3 O-O 10. h4 f5 11. Bg5 Qd7 12. exf5 Nxf5 13. Nge4 Nxe4 14. Bxe4 Qf7
15. Qd2 h6 16. Bxf5 Qxf5 17. Be3 Qg4 18. f3 Qxc4 19. Bxh6 Bf5 20. h5 Bxh6 21.
Qxh6 Qf4 22. hxg6 Qg3+ 23. Kf1 Qxg6 24. Qxg6+ Bxg6 25. Rh4 Kf7 26. Rc1 Ke7 27.
Ke2 c5 28. Rh6 Rf6 29. Ke3 Raf8 30. Rch1 Bf5 31. Rxf6 Rxf6 32. Rh8 Rf8 0-1

[Event "16. Copenhagen Open"]
[Site "Copenhagen"]
[Date "1994.??.??"]
[Round "1"]
[White "Bogdanov, Dimitri"]
[Black "Bjerring, Kai"]
[Result "0-1"]
[WhiteElo "2090"]
[BlackElo "2345"]
[PlyCount "80"]
[EventDate "1994.??.??"]
[EventType "swiss"]
[EventRounds "10"]
[EventCountry "DEN"]
[SourceDate "2004.01.01"]

1. e4 Nf6 2. Nc3 d5 3. exd5 Nxd5 4. Bc4 Nb6 5. Bb3 Nc6 6. Qf3 e6 7. Nge2 Be7 8.
O-O O-O 9. d3 Na5 10. Ne4 Nxb3 11. axb3 Nd5 12. Rd1 Bd7 13. Bd2 Nb4 14. c3 Na6
15. Nf4 f5 16. Ng3 Nc5 17. Qe2 g5 18. Nfh5 Nxb3 19. Rab1 Nxd2 20. Rxd2 Bd6 21.
d4 Qe7 22. c4 c6 23. c5 Bc7 24. Rbd1 Rae8 25. Qc4 Qf7 26. Qe2 Bc8 27. b4 e5 28.
d5 cxd5 29. Rxd5 g4 30. b5 Be6 31. R5d2 Bc4 32. Qe3 f4 33. Qe4 Bxb5 34. Qxb7
fxg3 35. Qxb5 gxf2+ 36. Kh1 Qxh5 37. Qc4+ Rf7 38. Rxf2 g3 39. Qxf7+ Qxf7 40.
Rxf7 Kxf7 0-1

[Event "16. Copenhagen Open"]
[Site "Copenhagen"]
[Date "1994.??.??"]
[Round "1"]
[White "Backlund, Anders"]
[Black "Borge, Nikolaj"]
[Result "1/2-1/2"]
[WhiteElo "2130"]
[BlackElo "2400"]
[PlyCount "77"]
[EventDate "1994.??.??"]
[EventType "swiss"]
[EventRounds "10"]
[EventCountry "DEN"]
[SourceDate "2004.01.01"]

1. e4 c5 2. Nf3 d6 3. d4 cxd4 4. Nxd4 Nf6 5. Nc3 g6 6. Be3 Bg7 7. f3 Nc6 8. Qd2
O-O 9. Bc4 Bd7 10. h4 Ne5 11. Bb3 Rc8 12. O-O-O Nc4 13. Bxc4 Rxc4 14. h5 Nxh5
15. g4 Nf6 16. Bh6 Nxe4 17. Qe3 Rxc3 18. bxc3 Nf6 19. Bxg7 Kxg7 20. Qh6+ Kh8
21. Ne2 Rg8 22. Qe3 Kg7 23. Qh6+ Kh8 24. Qe3 a6 25. Ng3 Be6 26. g5 Nd7 27. Qd4+
Rg7 28. f4 Qa5 29. Ne4 Qa3+ 30. Kd2 Qxa2 31. Nf6 exf6 32. gxf6 Nxf6 33. Qxf6
Qa5 34. Rh6 Bg4 35. Re1 Qb5 36. Qd8+ Rg8 37. Qf6+ Rg7 38. Qd8+ Rg8 39. Qf6+
1/2-1/2

[Event "16. Copenhagen Open"]
[Site "Copenhagen"]
[Date "1994.??.??"]
[Round "1"]
[White "Costello, Colin"]
[Black "Schandorff, Lars"]
[Result "0-1"]
[WhiteElo "2160"]
[BlackElo "2430"]
[PlyCount "83"]
[EventDate "1994.??.??"]
[EventType "swiss"]
[EventRounds "10"]
[EventCountry "DEN"]
[SourceDate "2004.01.01"]

1. c4 g6 2. Nc3 Bg7 3. Nf3 d6 4. g3 e5 5. Bg2 Nc6 6. O-O f5 7. d3 h6 8. Rb1 Nf6
9. b4 O-O 10. b5 Ne7 11. a4 Be6 12. Ba3 Rc8 13. Qb3 b6 14. Nd2 g5 15. Nd5 Nexd5
16. cxd5 Bf7 17. Bb2 g4 18. a5 h5 19. axb6 axb6 20. Ra1 Bh6 21. Rfd1 h4 22. Nf1
f4 23. gxf4 Bxf4 24. Bc1 Qd7 25. d4 Bxc1 26. dxe5 Bg5 27. e6 Qe7 28. exf7+ Rxf7
29. Qd3 Re8 30. e3 Nd7 31. Qg6+ Rg7 32. Qf5 Ne5 33. Nd2 Rf7 34. Qe6 Qd8 35. Nb3
Rxe6 36. dxe6 Rf8 37. Nd4 Qf6 38. Bd5 Qxf2+ 39. Kh1 Kh8 40. Be4 g3 41. hxg3
hxg3 42. Bg2 0-1

[Event "16. Copenhagen Open"]
[Site "Copenhagen"]
[Date "1994.??.??"]
[Round "1"]
[White "Fant, Goran"]
[Black "Sobjerg, Erik"]
[Result "1-0"]
[WhiteElo "2010"]
[BlackElo "2265"]
[PlyCount "78"]
[EventDate "1994.??.??"]
[EventType "swiss"]
[EventRounds "10"]
[EventCountry "DEN"]
[SourceDate "2004.01.01"]

1. d4 Nf6 2. c4 c5 3. d5 b5 4. e3 Bb7 5. Nc3 b4 6. Nce2 g6 7. Ng3 h5 8. Bd3 d6
9. Qc2 Bg7 10. Nh3 h4 11. Ne2 Qa5 12. O-O Nbd7 13. Bxg6 fxg6 14. Qxg6+ Kd8 15.
Qxg7 Rg8 16. Qh6 Ne5 17. Ng5 Kd7 18. Qxh4 Rh8 19. Qf4 Rag8 20. e4 Kc7 21. Rd1
Qa4 22. b3 Qe8 23. Ng3 Kb8 24. a3 Nh5 25. Nxh5 Qxh5 26. Be3 Bc8 27. axb4 Rxg5
28. Qxg5 Qxh2+ 29. Kf1 Bg4 30. f4 Bxd1 31. fxe5 Rf8+ 32. Ke1 Bxb3 33. Kd2 Bxc4
34. bxc5 Qh7 35. cxd6 Qxe4 36. Ra3 Qxd5+ 37. Kc2 a6 38. Qxe7 Qe4+ 39. Kb2 Qb7+
1-0

[Event "16. Copenhagen Open"]
[Site "Copenhagen"]
[Date "1994.??.??"]
[Round "1"]
[White "Gasseholm, Finn"]
[Black "Lyrberg, Patrik"]
[Result "0-1"]
[WhiteElo "2140"]
[BlackElo "2415"]
[PlyCount "76"]
[EventDate "1994.??.??"]
[EventType "swiss"]
[EventRounds "10"]
[EventCountry "DEN"]
[SourceDate "2004.01.01"]

1. d4 Nf6 2. c4 e6 3. Nc3 Bb4 4. e3 c5 5. Nf3 O-O 6. Bd3 d5 7. O-O cxd4 8. exd4
dxc4 9. Bxc4 b6 10. a3 Bxc3 11. bxc3 Qc7 12. Ne5 Nc6 13. Nxc6 Qxc6 14. Qd3 Bb7
15. f3 Rac8 16. Bb5 Qxc3 17. Bg5 Qxd3 18. Bxd3 Rc3 19. Rfd1 Rd8 20. Bb5 Rd5 21.
Bxf6 gxf6 22. a4 Bc6 23. Bxc6 Rxc6 24. Rd3 Rc4 25. Kf2 Rcxd4 26. Rxd4 Rxd4 27.
a5 Rd2+ 28. Kg3 Rb2 29. axb6 axb6 30. Ra8+ Kg7 31. Rb8 f5 32. f4 b5 33. Rb6 b4
34. Rb5 Rb1 35. Rb7 b3 36. Kf3 b2 37. Kf2 Kg6 38. Rb6 Kh5 0-1

[Event "16. Copenhagen Open"]
[Site "Copenhagen"]
[Date "1994.??.??"]
[Round "1"]
[White "Hansen, Henrik Michael"]
[Black "Hvenekilde, Jorgen"]
[Result "0-1"]
[WhiteElo "2060"]
[BlackElo "2320"]
[PlyCount "80"]
[EventDate "1994.??.??"]
[EventType "swiss"]
[EventRounds "10"]
[EventCountry "DEN"]
[SourceDate "2004.01.01"]

1. e4 e5 2. d4 exd4 3. c3 dxc3 4. Bc4 cxb2 5. Bxb2 Nc6 6. Nc3 Bb4 7. Nf3 d6 8.
Qb3 Be6 9. Bxe6 fxe6 10. O-O Qd7 11. Ng5 Bxc3 12. Bxc3 Nd8 13. f4 h6 14. Nf3
Nf6 15. Rae1 O-O 16. f5 a5 17. a4 Ra6 18. e5 dxe5 19. Rd1 Qc6 20. Nxe5 Qb6+ 21.
Qxb6 Rxb6 22. Bxa5 Ra6 23. Bxc7 Nd5 24. Bxd8 Rxd8 25. fxe6 Rxe6 26. Nf3 Red6
27. Rb1 b6 28. Ne5 Nc3 29. Rb4 Ne2+ 30. Kf2 Re8 31. Kxe2 Rxe5+ 32. Kf2 Rd2+ 33.
Kg3 Rg5+ 34. Kf4 Rdxg2 35. Rxb6 Rxh2 36. Ra1 Rh4+ 37. Kf3 Ra5 38. Rb7 Raxa4 39.
Rg1 Ra3+ 40. Kg2 Rg4+ 0-1

[Event "16. Copenhagen Open"]
[Site "Copenhagen"]
[Date "1994.??.??"]
[Round "1"]
[White "Harestad, Hans"]
[Black "Nilsson, Nils Specht"]
[Result "1-0"]
[WhiteElo "1990"]
[BlackElo "2260"]
[PlyCount "80"]
[EventDate "1994.??.??"]
[EventType "swiss"]
[EventRounds "10"]
[EventCountry "DEN"]
[SourceDate "2004.01.01"]

1. d4 g6 2. c4 Bg7 3. Nf3 Nf6 4. Nc3 O-O 5. e4 d6 6. Be2 c6 7. O-O a6 8. Bg5 h6
9. Be3 Nbd7 10. h3 b5 11. cxb5 cxb5 12. e5 Ne8 13. e6 fxe6 14. Qc2 b4 15. Na4
Rf6 16. Nh2 g5 17. Ng4 Rf5 18. Bd3 Nf8 19. Bxf5 exf5 20. Nh2 Nf6 21. Qc4+ Be6
22. Qxb4 Rb8 23. Qa3 f4 24. Bd2 Ne4 25. Bc3 Qd7 26. Rfe1 Nxc3 27. bxc3 Bxh3 28.
gxh3 Qxh3 29. Rxe7 Rd8 30. Qb3+ d5 31. Qd1 Ng6 32. Rb7 h5 33. Qf3 Qc8 34. Nc5
g4 35. Qd3 Nh4 36. Rf1 g3 37. fxg3 fxg3 38. Qxg3 Nf5 39. Qg6 Rf8 40. Qe6+ Kh8
1-0

[Event "16. Copenhagen Open"]
[Site "Copenhagen"]
[Date "1994.??.??"]
[Round "1"]
[White "Hedman, Erik"]
[Black "Furhoff, Johan"]
[Result "0-1"]
[WhiteElo "2285"]
[BlackElo "2320"]
[PlyCount "84"]
[EventDate "1994.??.??"]
[EventType "swiss"]
[EventRounds "10"]
[EventCountry "DEN"]
[SourceDate "2004.01.01"]

1. d4 d6 2. c4 f5 3. g3 Nf6 4. Bg2 g6 5. Nh3 Bg7 6. d5 c6 7. Nf4 e5 8. dxe6 Na6
9. h4 Nc5 10. h5 Nxh5 11. Nxh5 gxh5 12. Rxh5 Bxe6 13. Qc2 Qe7 14. Bd2 Bf7 15.
Rh2 Bxb2 16. Bc3 Bxc3+ 17. Nxc3 Bg6 18. Rd1 O-O-O 19. Qd2 Qe5 20. Kf1 h5 21.
Rh4 Kc7 22. Bf3 Ne6 23. Na4 f4 24. gxf4 Qf6 25. Rh2 Qxf4 26. Qxf4 Nxf4 27. Rh4
Rhf8 28. Nb2 Rf6 29. e3 Ne6 30. Be2 Nc5 31. Nd3 Bxd3 32. Bxd3 Nxd3 33. Rxd3 Rf5
34. e4 Ra5 35. a3 Rc5 36. Rb3 Rd7 37. Re3 Re7 38. Reh3 Rxc4 39. f3 Rc3 40. Rxh5
Rxa3 41. Rh7 Rxf3+ 42. Kg2 Rff7 0-1

[Event "16. Copenhagen Open"]
[Site "Copenhagen"]
[Date "1994.??.??"]
[Round "1"]
[White "Holstein, Erik"]
[Black "Bator, Robert"]
[Result "0-1"]
[WhiteElo "2130"]
[BlackElo "2410"]
[PlyCount "56"]
[EventDate "1994.??.??"]
[EventType "swiss"]
[EventRounds "10"]
[EventCountry "DEN"]
[SourceDate "2004.01.01"]

1. e4 c5 2. c3 d6 3. d4 Nf6 4. dxc5 Nc6 5. Bc4 Nxe4 6. Bxf7+ Kxf7 7. Qd5+ e6 8.
Qxe4 d5 9. Qf3+ Qf6 10. Be3 Ne5 11. Qe2 Qf5 12. Nf3 Nxf3+ 13. Qxf3 Qxf3 14.
gxf3 e5 15. Nd2 Be7 16. O-O-O Rd8 17. Nb3 a5 18. Rhe1 a4 19. Na1 g5 20. Nc2 Be6
21. Nb4 Rac8 22. Nd3 Bf6 23. Bd2 e4 24. fxe4 dxe4 25. Nb4 Bg4 26. Rxe4 Bxd1 27.
Kxd1 a3 28. bxa3 Bxc3 0-1

[Event "16. Copenhagen Open"]
[Site "Copenhagen"]
[Date "1994.??.??"]
[Round "1"]
[White "Hyldkrog, Lars"]
[Black "Steinbacher, Matthias"]
[Result "0-1"]
[WhiteElo "2090"]
[BlackElo "2390"]
[PlyCount "118"]
[EventDate "1994.??.??"]
[EventType "swiss"]
[EventRounds "10"]
[EventCountry "DEN"]
[SourceDate "2004.01.01"]

1. e4 Nc6 2. Nf3 Nf6 3. e5 Nd5 4. d4 d6 5. Bc4 dxe5 6. dxe5 Ndb4 7. Qe2 Nd4 8.
Nxd4 Qxd4 9. Bb5+ c6 10. c3 Qc5 11. Ba4 Bf5 12. O-O Nd3 13. e6 fxe6 14. Be3 Qe5
15. Na3 Qe4 16. Bc2 Nf4 17. Qf3 Qxf3 18. gxf3 Ng6 19. Be4 Ne5 20. Kg2 Bxe4 21.
fxe4 g5 22. Nc2 Rg8 23. Nd4 Rg6 24. b3 Bg7 25. Rad1 Nf7 26. f3 Be5 27. Ne2 b6
28. Rd3 c5 29. Rfd1 Bd6 30. c4 O-O-O 31. h3 Ne5 32. Rc3 Rf8 33. Rf1 Rgf6 34.
Bc1 h6 35. Bb2 Ng6 36. Ng1 Be5 37. Rc2 Nh4+ 38. Kh1 Bxb2 39. Rxb2 Nxf3 40. Ne2
Nd4 41. Rfb1 Rf1+ 42. Rxf1 Rxf1+ 43. Kg2 Re1 44. Ng3 Kc7 45. Rf2 Kd6 46. Rf8
Ra1 47. Rf2 Ke5 48. Rd2 Rc1 49. Kf2 Rc2 50. Rxc2 Nxc2 51. Kf3 Nb4 52. a4 Nc6
53. Kg4 Nd4 54. Kh5 Kf4 55. Nf1 Kxe4 56. Kxh6 Kf4 57. Nd2 e5 58. Nb1 e4 59. Nc3
e6 0-1

[Event "16. Copenhagen Open"]
[Site "Copenhagen"]
[Date "1994.??.??"]
[Round "1"]
[White "Isaksen, Brian"]
[Black "Neverov, Valery"]
[Result "0-1"]
[WhiteElo "2245"]
[BlackElo "2530"]
[PlyCount "60"]
[EventDate "1994.??.??"]
[EventType "swiss"]
[EventRounds "10"]
[EventCountry "DEN"]
[SourceDate "2004.01.01"]

1. e4 c5 2. Nf3 d6 3. d4 cxd4 4. Nxd4 Nf6 5. Nc3 a6 6. Bc4 e6 7. Bb3 Nbd7 8. f4
Nc5 9. f5 Be7 10. Qf3 O-O 11. g4 Nfd7 12. O-O Ne5 13. Qg2 Re8 14. g5 Bf8 15.
Kh1 b5 16. a3 Nxb3 17. cxb3 Bb7 18. h4 Rc8 19. Be3 exf5 20. Nxf5 Ng6 21. Nd5
Bxd5 22. exd5 Nxh4 23. Nxh4 Rxe3 24. Rxf7 Kxf7 25. Qf2+ Kg8 26. Qxe3 Qe7 27.
Qf4 g6 28. Rf1 Bg7 29. Qd2 Qe4+ 30. Nf3 Rf8 0-1

[Event "16. Copenhagen Open"]
[Site "Copenhagen"]
[Date "1994.??.??"]
[Round "1"]
[White "Jensen, Find"]
[Black "Varberg, Kenneth"]
[Result "0-1"]
[WhiteElo "1970"]
[BlackElo "2260"]
[PlyCount "110"]
[EventDate "1994.??.??"]
[EventType "swiss"]
[EventRounds "10"]
[EventCountry "DEN"]
[SourceDate "2004.01.01"]

1. e4 c6 2. d4 d5 3. exd5 cxd5 4. c4 Nf6 5. Nc3 e6 6. c5 Be7 7. Nf3 O-O 8. Bd3
b6 9. b4 Bb7 10. O-O Ne4 11. Bb2 a5 12. a3 Nd7 13. Qc2 f5 14. Na4 Rc8 15. Qb3
bxc5 16. Nxc5 Ndxc5 17. bxc5 Qc7 18. Rfc1 Rb8 19. Rab1 g5 20. Qc2 g4 21. Ne5
Bg5 22. c6 Bxc1 23. Bxc1 Bc8 24. Bf4 Rxb1+ 25. Qxb1 Qa7 26. Qb2 Ba6 27. Nd7 Rc8
28. Bxa6 Qxa6 29. c7 Qc6 30. Nb6 Rxc7 31. Bxc7 Qxc7 32. Na4 Kf7 33. f3 gxf3 34.
gxf3 Ng5 35. Kg2 Qf4 36. Qc3 Qh4 37. Qc7+ Kg6 38. Nc5 Qh3+ 39. Kf2 Qh4+ 40. Kg2
Qh3+ 41. Kf2 Qh6 42. Qg3 f4 43. Qg4 Qxh2+ 44. Kf1 h5 45. Qg2 Qxg2+ 46. Kxg2 h4
47. a4 Kf5 48. Nb3 h3+ 49. Kh2 Nxf3+ 50. Kxh3 Ng5+ 51. Kg2 Ke4 52. Nxa5 Kxd4
53. Nc6+ Kc5 54. Ne5 f3+ 55. Kf2 Kb4 0-1

[Event "16. Copenhagen Open"]
[Site "Copenhagen"]
[Date "1994.??.??"]
[Round "1"]
[White "Jensen, Soren"]
[Black "Stojanovski, Sandi"]
[Result "0-1"]
[WhiteElo "1990"]
[BlackElo "2260"]
[PlyCount "50"]
[EventDate "1994.??.??"]
[EventType "swiss"]
[EventRounds "10"]
[EventCountry "DEN"]
[SourceDate "2004.01.01"]

1. b3 e5 2. Bb2 d6 3. g3 Nf6 4. Bg2 Be7 5. c4 O-O 6. e3 Nc6 7. d3 Re8 8. Nf3
Bf8 9. O-O d5 10. cxd5 Nxd5 11. a3 f6 12. Qc2 Be6 13. Nc3 Nxc3 14. Qxc3 Qd7 15.
Rfd1 Qf7 16. Nd2 Rad8 17. Rac1 Re7 18. b4 Red7 19. Ne4 a6 20. Nc5 Bxc5 21. Bxc6
bxc6 22. Qxc5 Qh5 23. f4 Qe2 24. Bc3 Bd5 25. Rd2 Qf3 0-1

[Event "16. Copenhagen Open"]
[Site "Copenhagen"]
[Date "1994.??.??"]
[Round "1"]
[White "Jiretorn, Eva"]
[Black "Baburin, Alexander"]
[Result "0-1"]
[WhiteElo "2230"]
[BlackElo "2520"]
[PlyCount "42"]
[EventDate "1994.??.??"]
[EventType "swiss"]
[EventRounds "10"]
[EventCountry "DEN"]
[SourceDate "2004.01.01"]

1. d4 g6 2. g3 Bg7 3. Nf3 Nf6 4. Bg2 O-O 5. O-O c6 6. c4 d6 7. Nc3 a6 8. a4 a5
9. e4 Na6 10. h3 Nb4 11. Be3 Nd7 12. Nh2 e5 13. f4 exd4 14. Bxd4 Bxd4+ 15. Qxd4
Nc2 16. Qd2 Nxa1 17. Rxa1 Nc5 18. Rf1 f5 19. exf5 Bxf5 20. Rd1 Qb6 21. Kh1 Nd3
0-1

[Event "16. Copenhagen Open"]
[Site "Copenhagen"]
[Date "1994.??.??"]
[Round "1"]
[White "Jurgens, Peter"]
[Black "Stefansson, Hannes"]
[Result "0-1"]
[WhiteElo "2235"]
[BlackElo "2525"]
[PlyCount "72"]
[EventDate "1994.??.??"]
[EventType "swiss"]
[EventRounds "10"]
[EventCountry "DEN"]
[SourceDate "2004.01.01"]

1. d4 Nf6 2. Nf3 e6 3. Bg5 Be7 4. Nbd2 c5 5. c3 b6 6. e3 Bb7 7. Bd3 O-O 8. Qb1
h6 9. Bh4 d6 10. Ne4 Nbd7 11. Bxf6 Nxf6 12. Nxf6+ Bxf6 13. Bh7+ Kh8 14. Be4 d5
15. Bd3 Be7 16. O-O Bd6 17. e4 cxd4 18. e5 Be7 19. cxd4 Qd7 20. Qc1 Rac8 21.
Qf4 Qa4 22. a3 Ba6 23. Bxa6 Qxa6 24. Rac1 Rc4 25. Rxc4 dxc4 26. Qe4 Rc8 27. d5
Qb7 28. Qf4 Bg5 29. Nxg5 hxg5 30. Qxg5 Qxd5 31. Rc1 Qd4 32. Qh5+ Kg8 33. Rc3
Qd2 34. h4 Qxb2 35. Rf3 Qb1+ 36. Kh2 Qg6 0-1

[Event "16. Copenhagen Open"]
[Site "Copenhagen"]
[Date "1994.??.??"]
[Round "1"]
[White "Kaspersen, Morten"]
[Black "Jakobsen, Ole"]
[Result "1/2-1/2"]
[WhiteElo "2220"]
[BlackElo "2375"]
[PlyCount "104"]
[EventDate "1994.??.??"]
[EventType "swiss"]
[EventRounds "10"]
[EventCountry "DEN"]
[SourceDate "2004.01.01"]

1. d4 Nf6 2. c4 e6 3. Nf3 d5 4. Nc3 Nbd7 5. e3 a6 6. a3 Be7 7. Qc2 dxc4 8. Bxc4
b5 9. Ba2 Bb7 10. b4 a5 11. Nxb5 c6 12. Nc3 axb4 13. axb4 Bxb4 14. O-O c5 15.
Bb2 Bxf3 16. gxf3 O-O 17. Rfd1 Qe7 18. Ne4 Nxe4 19. Qxe4 Nf6 20. Qe5 cxd4 21.
Rxd4 Ra5 22. Qg3 Nh5 23. Qh4 Qxh4 24. Rxh4 Be7 25. Bc3 Rxa2 26. Rxh5 Rxa1+ 27.
Bxa1 Ra8 28. Bd4 f5 29. f4 h6 30. Rh3 Kf7 31. Rg3 g6 32. Kg2 Ra2 33. Kf1 Bh4
34. Rg2 Rc2 35. f3 Rc1+ 36. Ke2 Bf6 37. Bxf6 Kxf6 38. Kf2 g5 39. fxg5+ hxg5 40.
Ke2 e5 41. Kd3 Rd1+ 42. Ke2 Ra1 43. Kf2 Ra3 44. Ke2 e4 45. fxe4 fxe4 46. Kf2
Kf5 47. h3 Rb3 48. Rh2 Rb1 49. Rg2 Rh1 50. Kg3 Re1 51. Kf2 Rb1 52. Kg3 Re1
1/2-1/2

[Event "16. Copenhagen Open"]
[Site "Copenhagen"]
[Date "1994.??.??"]
[Round "1"]
[White "Mortensen, Henrik"]
[Black "Hutters, Tomas"]
[Result "0-1"]
[WhiteElo "2150"]
[BlackElo "2420"]
[PlyCount "60"]
[EventDate "1994.??.??"]
[EventType "swiss"]
[EventRounds "10"]
[EventCountry "DEN"]
[SourceDate "2004.01.01"]

1. d4 Nf6 2. Nf3 g6 3. Nc3 d5 4. Bg5 Ne4 5. Bh4 Nxc3 6. bxc3 Bg7 7. e3 O-O 8.
Be2 Bg4 9. O-O Nd7 10. c4 dxc4 11. Bxc4 c5 12. c3 Rc8 13. Be2 Qa5 14. Bxe7 Rfe8
15. Bh4 Qxc3 16. Rc1 Qa5 17. h3 Bxf3 18. Bxf3 cxd4 19. exd4 Rxc1 20. Qxc1 Bxd4
21. Bxb7 Qxa2 22. Qc6 Qe6 23. Rd1 Bf6 24. Qxe6 Rxe6 25. Bxf6 Nxf6 26. Ra1 Kg7
27. Rxa7 Re1+ 28. Kh2 Re7 29. Kg1 Rc7 30. Kf1 Nd7 0-1

[Event "16. Copenhagen Open"]
[Site "Copenhagen"]
[Date "1994.??.??"]
[Round "1"]
[White "Nielsen, Lars Aaes"]
[Black "Brodsky, Michail"]
[Result "0-1"]
[WhiteElo "2220"]
[BlackElo "2500"]
[PlyCount "102"]
[EventDate "1994.??.??"]
[EventType "swiss"]
[EventRounds "10"]
[EventCountry "DEN"]
[SourceDate "2004.01.01"]

1. e4 c5 2. c3 e6 3. d4 d5 4. exd5 exd5 5. Nf3 Nc6 6. Be3 c4 7. b3 cxb3 8. Qxb3
Nf6 9. Bb5 Be7 10. Ne5 Bd7 11. Nd2 O-O 12. O-O Na5 13. Qa4 Bxb5 14. Qxb5 Rc8
15. Rac1 a6 16. Qd3 b5 17. Bg5 Ne8 18. Bxe7 Qxe7 19. Qf3 Qd6 20. Nd3 Nc7 21.
Rfe1 Ne6 22. Nf1 Nc4 23. Ne3 Nxe3 24. Qxe3 Rfe8 25. Qe5 Qa3 26. Nb4 Nf8 27. Qf5
Qxc3 28. Qb1 Rxe1+ 29. Rxe1 Qxd4 30. Rd1 Qc4 31. Nxd5 Qc5 32. h3 Ne6 33. Qb4
Qxb4 34. Nxb4 a5 35. Na6 Ra8 36. Rd6 b4 37. Rb6 g6 38. Nb8 Nd4 39. g3 Ne2+ 40.
Kf1 Nc3 41. Nc6 Nxa2 42. Rb5 a4 43. Nxb4 Nxb4 44. Rxb4 a3 45. Rb1 a2 46. Ra1
Kg7 47. Ke2 Ra3 48. Kd1 g5 49. Kc1 Kf6 50. Kb2 Ra7 51. f3 h5 0-1

[Event "16. Copenhagen Open"]
[Site "Copenhagen"]
[Date "1994.??.??"]
[Round "1"]
[White "Nielsen, Soren Holst"]
[Black "Stripunsky, Alexander"]
[Result "0-1"]
[WhiteElo "2225"]
[BlackElo "2510"]
[PlyCount "74"]
[EventDate "1994.??.??"]
[EventType "swiss"]
[EventRounds "10"]
[EventCountry "DEN"]
[SourceDate "2004.01.01"]

1. e4 c5 2. Nf3 Nc6 3. d3 g6 4. g3 Bg7 5. Bg2 Nf6 6. O-O O-O 7. Nbd2 b6 8. Re1
Bb7 9. e5 Ne8 10. h4 d6 11. e6 fxe6 12. Ng5 Nc7 13. Nxe6 Nxe6 14. Bd5 Kh8 15.
Rxe6 Qd7 16. Re1 Rae8 17. Bg2 Ne5 18. Qe2 Bxg2 19. Kxg2 Qc6+ 20. Kg1 h5 21. Rf1
Rf5 22. Qe4 d5 23. Qg2 Ref8 24. Nb3 Nf3+ 25. Kh1 Qa4 26. c3 Qg4 27. Be3 d4 28.
cxd4 cxd4 29. Bd2 Bf6 30. Bh6 Bg7 31. Bd2 a5 32. Be1 Be5 33. Nd2 Nxh4 34. Qe4
Qh3+ 35. Kg1 Bxg3 36. Qxd4+ e5 37. Qe4 Qh2# 0-1

[Event "16. Copenhagen Open"]
[Site "Copenhagen"]
[Date "1994.??.??"]
[Round "1"]
[White "Nordenbaek, Jan"]
[Black "Brinck Claussen, Bjorn"]
[Result "0-1"]
[WhiteElo "2160"]
[BlackElo "2350"]
[PlyCount "100"]
[EventDate "1994.??.??"]
[EventType "swiss"]
[EventRounds "10"]
[EventCountry "DEN"]
[SourceDate "2004.01.01"]

1. e4 e6 2. d3 d5 3. Nd2 Nf6 4. Ngf3 c5 5. g3 Nc6 6. Bg2 Be7 7. O-O O-O 8. Re1
b5 9. e5 Nd7 10. Nf1 a5 11. h4 b4 12. Bf4 Ba6 13. N1h2 a4 14. Ng4 a3 15. bxa3
bxa3 16. h5 c4 17. Bf1 cxd3 18. cxd3 Bb4 19. Bd2 Qa5 20. Bxb4 Qxb4 21. Nd2 Nd4
22. Kg2 h6 23. Rb1 Qa5 24. Nf3 Nxf3 25. Qxf3 Rab8 26. Qf4 Rb2 27. Rbd1 Rxa2 28.
Nxh6+ gxh6 29. Qxh6 Qb4 30. d4 Bxf1+ 31. Rxf1 Rc8 32. Rd3 Qf8 33. Qe3 Rcc2 34.
g4 Qg7 35. g5 Qh7 36. Qg3 Qe4+ 37. Kg1 Rd2 38. Re3 Qh7 39. g6 fxg6 40. hxg6 Qh6
41. Qg4 Nf8 42. Rg3 Qg7 43. Qh4 Rab2 44. Rxa3 Rb4 45. Ra8 Qxg6+ 46. Kh1 Rdxd4
47. f4 Rb2 48. Rxf8+ Kxf8 49. Qd8+ Kg7 50. Qe7+ Kh6 0-1

[Event "16. Copenhagen Open"]
[Site "Copenhagen"]
[Date "1994.??.??"]
[Round "1"]
[White "Hansen, Evgenia Peicheva"]
[Black "Mortensen, Erling"]
[Result "0-1"]
[WhiteElo "2185"]
[BlackElo "2470"]
[PlyCount "74"]
[EventDate "1994.??.??"]
[EventType "swiss"]
[EventRounds "10"]
[EventCountry "DEN"]
[SourceDate "2004.01.01"]

1. d4 Nf6 2. g3 c5 3. d5 b5 4. Bg2 Bb7 5. e4 e6 6. Ne2 exd5 7. exd5 d6 8. O-O
Nbd7 9. a4 b4 10. c4 bxc3 11. Nexc3 Be7 12. Qe2 O-O 13. a5 Re8 14. f4 Rb8 15.
Nd2 Qc8 16. a6 Ba8 17. Nc4 Nb6 18. Rd1 Nxc4 19. Qxc4 Rb4 20. Qf1 Bd8 21. Re1
Bb6 22. h3 c4+ 23. Kh2 Bd4 24. Rd1 Bxc3 25. bxc3 Rb5 26. Ra4 Bxd5 27. Bxd5 Rxd5
28. g4 Rxd1 29. Qxd1 Qc6 30. Ra2 Qe4 31. Qxd6 Qe1 32. Qd2 Qf1 33. Ba3 h5 34.
gxh5 Re1 35. Qd8+ Kh7 36. Kg3 Re3+ 37. Kh4 Qxh3+ 0-1

[Event "16. Copenhagen Open"]
[Site "Copenhagen"]
[Date "1994.??.??"]
[Round "1"]
[White "Petersen, Nils"]
[Black "Aagaard, Jacob"]
[Result "1/2-1/2"]
[WhiteElo "2005"]
[BlackElo "2260"]
[PlyCount "106"]
[EventDate "1994.??.??"]
[EventType "swiss"]
[EventRounds "10"]
[EventCountry "DEN"]
[SourceDate "2004.01.01"]

1. Nf3 d6 2. d4 Nf6 3. g3 g6 4. Bg2 Bg7 5. O-O O-O 6. Nbd2 Nc6 7. c3 e5 8. dxe5
dxe5 9. Qc2 Qe7 10. e4 Rd8 11. Re1 a5 12. a4 Qc5 13. Nb3 Qc4 14. Nfd2 Qe6 15.
Nf1 Ne7 16. Be3 b6 17. Rad1 Ba6 18. Nc1 h5 19. h3 Bf8 20. Rxd8 Rxd8 21. Rd1 Rd6
22. Rxd6 Qxd6 23. b3 Nc8 24. Qd2 Nd7 25. f4 Bh6 26. Qxd6 Nxd6 27. fxe5 Bxe3+
28. Nxe3 Nxe5 29. Nd5 Ne8 30. c4 Nd7 31. Kf2 f6 32. Ke3 Kf7 33. Nd3 Bb7 34. Kd4
c6 35. N5f4 Ng7 36. Bf3 Ba6 37. g4 h4 38. Ng2 Ne6+ 39. Ke3 Nec5 40. Nxc5 Nxc5
41. Bd1 g5 42. Kd4 Bb7 43. Bc2 Ke7 44. Ke3 Ne6 45. Bd3 Kd6 46. Ne1 Kc5 47. Nc2
Ba6 48. Kd2 Nf4 49. Bf1 b5 50. Kc3 Ne6 51. axb5 cxb5 52. b4+ axb4+ 53. Nxb4 Bb7
1/2-1/2